00975nam a2200205 i 450000100060000000300090000600500170001500700030003200800410003508000310007624500470010726000480015430000560020249000390025850003490029750000200064661000390066683000390070585200250074486283ES-MaACL20230906175420.0t|041221s1997 sp ||||1| spa d a75:069.538(430.129 Munich)00aAlte Pinakothek [hRecurso electrónico]. a[Madrid] : bE.M.M.E. Interactive, c[1997] a1 disco compacto (CD-ROM) : bson., col. ; c12 cm.1 aLos grandes museos de Europa ; v9 aCaracterísticas del sistema: 486 DX o superior; Windows 3.1 o Windows 95; 8 Mb de memoria RAM; 3 Mb disponibles en el disco duro; pantalla 640 x 48s480, 32000 colores mínimo; lector de CD-Rom de doble velocidad; tarjeta Sound Blaster o compatible; Microsoft Mouse o compatible; altavoces o auriculares; ratón compatible Microsoft Windows. a"La Vanguardia"2 aAlte Pinakothek (Munich)-vCD-ROM.0 aLos grandes museos de Europa ; v9 aES-MaACLjROT 1/6/31